000 00548nam a22001937a 4500
003 UA-OsUOA
001 42401
007 ta
008 20090127b un ||||| |||| 00| 0 ukr d
090 _a94(477).09
942 _cBR
040 _aUA-OsUOA
_bukr
_cUA-OsUOA
_dUA-OsUOA
245 _aRqvensbruck - айбільший жіночий концентраційний табор в Німеччині
955 _a4
041 _aukr
080 _a94(477).09
650 7 _a9 Географія. Біографії. Історія
_2UDC
999 _c440899
_d440899